000 00253nam a2200109Ia 4500
005 20251222154433.0
008 251222s9999||||xx |||||||||||||| ||spa||
082 _a947.08/M87
100 _a"Moscow, Henry"
245 0 _aRusia bajo los Zares
942 _cLIB
999 _c36485
_d36485